[Event "Mittelrhein Verbandsliga Ost 1314"]
[Site "Mittelrhein"]
[Date "2014.04.06"]
[Round "9.2"]
[White "Sondors, Peteris"]
[Black "Dreiocker, Andreas"]
[Result "0-1"]
[WhiteElo "1960"]
[BlackElo "1912"]
[PlyCount "62"]
[EventDate "2013.09.15"]
[EventType "team-tourn"]
[EventRounds "11"]
[EventCountry "GER"]
[SourceTitle "EXT 2023"]
[Source "ChessBase"]
[SourceDate "2022.10.05"]
[SourceVersion "1"]
[SourceVersionDate "2022.10.05"]
[SourceQuality "1"]
[WhiteTeam "Godesberg IV"]
[BlackTeam "Bergische SF II"]
[WhiteTeamCountry "GER"]
[BlackTeamCountry "GER"]

1. c4 g6 2. Nc3 Bg7 3. g3 Nf6 4. e4 e5 5. Bg2 d6 6. Nge2 c5 7. d3 Nc6 8. Nd5 Nxd5 9. cxd5 Nd4 10. Nxd4 cxd4 11. Bd2 Qb6 12. Qa4+ Bd7 13. Qa3 Rc8 14. Ba5 Qa6 15. Bf3 Ke7 16. Bd1 Bb5 17. Ke2 Bxd3+ 18. Qxd3 Qxa5 19. Bb3 Bh6 20. Rhf1 Rhf8 21. Rad1 f5 22. f4 fxe4 23. Qxe4 Rf5 24. g4 Rxf4 25. Rxf4 Bxf4 26. h4 Rc1 27. Rxc1 Qd2+ 28. Kf3 Qxc1 29. Qc2 Qf1+ 30. Ke4 Kd8 31. Bc4 Qh1+ 0-1

[Event "Mittelrhein Verbandsliga Ost 1314"]
[Site "Mittelrhein"]
[Date "2014.02.09"]
[Round "7.2"]
[White "Loeffler, Friedrich"]
[Black "Dreiocker, Andreas"]
[Result "1-0"]
[WhiteElo "1952"]
[BlackElo "1912"]
[PlyCount "117"]
[EventDate "2013.09.15"]
[EventType "team-tourn"]
[EventRounds "11"]
[EventCountry "GER"]
[SourceTitle "EXT 2023"]
[Source "ChessBase"]
[SourceDate "2022.10.05"]
[SourceVersion "1"]
[SourceVersionDate "2022.10.05"]
[SourceQuality "1"]
[WhiteTeam "Bruehl II"]
[BlackTeam "Bergische SF II"]
[WhiteTeamCountry "GER"]
[BlackTeamCountry "GER"]

1. d4 Nf6 2. c4 e5 3. dxe5 Ng4 4. Nf3 Nc6 5. Bf4 Bb4+ 6. Nc3 Qe7 7. Qb3 Na5 8. Qc2 Nxc4 9. a3 Bc5 10. Ne4 d5 11. Nxc5 Qxc5 12. e3 Be6 13. h3 Nh6 14. b4 Qe7 15. Nd4 g5 16. Bg3 Qd7 17. Bd3 0-0-0 18. 0-0 Ng8 19. Rfc1 Ne7 20. Nxe6 fxe6 21. Bxc4 dxc4 22. Qxc4 Nf5 23. Bh2 h5 24. Qb3 Qe7 25. Rd1 Rxd1+ 26. Rxd1 g4 27. e4 Ng7 28. f4 gxf3 29. Qxf3 Rf8 30. Qe3 b6 31. Qh6 Qf7 32. Bg3 Kb7 33. Bh4 Ne8 34. Bf6 Nxf6 35. Rf1 Qd7 36. Qxf8 Nxe4 37. Qf3 Qd4+ 38. Kh1 Ka6 39. Re1 Nf2+ 40. Kh2 h4 41. Qe3 c5 42. Qxd4 cxd4 43. Kg1 Nd3 44. Re4 Kb5 45. Rxd4 Nxe5 46. Rxh4 Nc4 47. Rxc4 Kxc4 48. g4 Kd4 49. g5 Ke5 50. Kf2 Kf5 51. h4 b5 52. Ke3 e5 53. Kf3 e4+ 54. Ke3 a6 55. g6 Kxg6 56. Kxe4 Kh5 57. Kd5 Kxh4 58. Kc6 Kg5 59. Kb6 1-0